[Event "AUTO-ADV-4117"]
[Site "http://www.queenalice.com/game.php?id=1578201"]
[Date "2019.7.22"]
[Round "2"]
[White "baidaq"]
[Black "CleitonNog1986"]
[Result "1-0"]
[WhiteElo "2160"]
[BlackElo "1872"]

1. e4 c5 2. Nf3 d6 3. Nc3 a6 4. Bc4 e6 5. O-O Nc6 6. a4 Nf6 7. d3 h6 8. Re1 Qc7
9. Be3 Be7 10. Ne2 O-O 11. Bb3 Bd7 12. Nc3 Rfe8 13. Ba2 Rac8 14. b3 d5 15. exd5
exd5 16. Ne2 Ne5 17. Ng3 Nxf3+ 18. Qxf3 d4 19. Bf4 Bd6 20. Bxd6 Rxe1+ 21. Rxe1
Qxd6 22. Ne4 Nxe4 23. Rxe4 Bc6 24. b4 Bd5 25. Bxd5 1-0

[Event "AUTO-ADV-4117"]
[Site "http://www.queenalice.com/game.php?id=1578208"]
[Date "2019.7.22"]
[Round "2"]
[White "baidaq"]
[Black "Rafale2000"]
[Result "0-1"]
[WhiteElo "2137"]
[BlackElo "2017"]

1. e4 Nf6 2. Nc3 d5 3. e5 Nfd7 4. d4 e6 5. Nf3 c5 6. Be3 Nc6 7. Bb5 cxd4 8. Bxd4
Nxd4 9. Nxd4 a6 10. Bxd7+ Bxd7 11. O-O Bb4 12. a3 Bxc3 13. bxc3 O-O 14. Nf3 Rc8
15. Qd2 Qc7 16. Rfc1 Qxc3 17. Qd3 Bb5 18. Qxc3 Rxc3 19. h3 Rfc8 20. Ra2 Bd3 21.
Ne1 Bc4 22. Rb2 b5 23. f4 Rxa3 24. Nf3 Bd3 25. Ne1 Rac3 26. Nxd3 Rxd3 27. Ra1
Rdc3 28. Rxa6 g6 29. Rxb5 Rxc2 30. Rb4 R8c7 31. Rb8+ Rc8 32. Rxc8+ Rxc8 33. Ra1
Kg7 34. Kf2 h5 35. h4 Rc7 36. Rg1 f6 37. exf6+ Kxf6 38. g3 Kf5 39. Re1 Rc6 40.
Kf3 Rc3+ 41. Kf2 d4 42. Rd1 e5 43. fxe5 Kxe5 44. Re1+ Kf5 45. Rd1 Ke4 46. Re1+
Re3 47. Rc1 Rf3+ 48. Kg2 Rc3 49. Re1+ Kd3 50. Re6 Kc2 51. Rxg6 d3 52. Ra6 d2 53.
Ra2+ Kd3 54. Ra1 Rc1 0-1

[Event "AUTO-ADV-4117"]
[Site "http://www.queenalice.com/game.php?id=1578209"]
[Date "2019.7.22"]
[Round "2"]
[White "Rafale2000"]
[Black "baidaq"]
[Result "0-1"]
[WhiteElo "2010"]
[BlackElo "2152"]

1. e4 e5 2. Nf3 Nc6 3. d4 exd4 4. Bc4 h6 5. Nxd4 d6 6. O-O Nf6 7. Re1 Be7 8. Nc3
O-O 9. Bf4 Bg4 10. f3 Nxd4 11. fxg4 c5 12. Nd5 a6 13. g5 hxg5 14. Nxe7+ Qxe7 15.
Bxg5 Qe5 16. Bxf6 Qxf6 17. c3 Nc6 18. Qd5 Ne5 19. Rf1 Qe7 20. Bb3 b5 21. Bc2 Nc4
22. Rfb1 Ne3 23. Qd2 Nxc2 24. Qxc2 Rfe8 25. Re1 c4 26. Re3 Rad8 27. Rae1 Qa7 28.
Kf1 d5 29. Qe2 dxe4 30. Rxe4 Rxe4 31. Qxe4 Rd2 32. Qf4 Rxb2 33. Qe3 Qxe3 34.
Rxe3 Rxa2 35. Re2 Rxe2 36. Kxe2 Kf8 37. Kd2 Ke7 38. Kc2 Kd6 0-1

[Event "AUTO-ADV-4116"]
[Site "http://www.queenalice.com/game.php?id=1579809"]
[Date "2019.8.9"]
[Round "2"]
[White "jesuskatz"]
[Black "baidaq"]
[Result "1-0"]
[WhiteElo "2535"]
[BlackElo "2151"]

1. Nf3 Nc6 2. d4 e6 3. e4 d5 4. e5 a5 5. Bd3 b6 6. O-O g6 7. Nc3 Bg7 8. Nb5 Nge7
9. c3 O-O 10. a4 Ba6 11. h4 Bxb5 12. axb5 Na7 13. h5 gxh5 14. Ng5 Ng6 15. Qxh5
h6 16. Nxe6 fxe6 17. Qxg6 Qh4 18. Qh7+ Kf7 19. Bg6+ Ke7 20. Qxg7+ Kd8 21. Qxf8+
Kd7 22. Qxa8 Nc8 23. Qc6+ Ke7 24. Qe8# 1-0

[Event "AUTO-ADV-4116"]
[Site "http://www.queenalice.com/game.php?id=1579810"]
[Date "2019.8.9"]
[Round "2"]
[White "baidaq"]
[Black "jesuskatz"]
[Result "0-1"]
[WhiteElo "2121"]
[BlackElo "2538"]

1. e4 e5 2. Nf3 Nc6 3. Nc3 Nf6 4. Be2 d5 5. exd5 Nxd5 6. d3 Be7 7. O-O Bf5 8.
Nxd5 Qxd5 9. a4 O-O-O 10. b3 f6 11. Re1 h5 12. Nh4 Bh7 13. Bxh5 f5 14. Bf3 e4
15. dxe4 Qa5 16. Qe2 Nd4 17. Qd1 Nxc2 18. Qe2 Qxe1+ 19. Qxe1 Nxe1 20. Nxf5 Nxf3+
21. gxf3 Rd1+ 22. Kg2 Bxf5 23. exf5 Bf6 24. Rb1 Re8 25. a5 Ree1 26. Kg3 Rg1+ 27.
Kf4 Rd4+ 28. Ke3 Re1# 0-1

[Event "AUTO-ADV-4116"]
[Site "http://www.queenalice.com/game.php?id=1579811"]
[Date "2019.8.9"]
[Round "2"]
[White "krystian"]
[Black "baidaq"]
[Result "0-1"]
[WhiteElo "1372"]
[BlackElo "2104"]

1. e4 e5 2. Nf3 Nc6 3. Bb5 Nf6 4. O-O d6 5. Nc3 Bd7 6. d3 Nb8 7. Bc4 Be7 8. Bg5
Ng8 9. h4 Bg4 10. g3 Nc6 11. Be3 Nd4 12. Bxd4 exd4 13. Nd5 c6 14. Nf4 Nf6 15.
Qe2 O-O 16. Kg2 d5 17. exd5 cxd5 18. Bb3 Re8 19. Qd2 Bxf3+ 20. Kxf3 a5 21. a4
Bb4 22. c3 dxc3 23. bxc3 Bc5 24. Kg2 d4 25. Bd1 dxc3 26. Qxc3 b6 27. Bf3 Rc8 28.
Rad1 h6 29. d4 Bb4 30. Qd3 Rc3 0-1

[Event "AUTO-ADV-4116"]
[Site "http://www.queenalice.com/game.php?id=1579812"]
[Date "2019.8.9"]
[Round "2"]
[White "baidaq"]
[Black "krystian"]
[Result "1-0"]
[WhiteElo "2103"]
[BlackElo "1374"]

1. e4 c6 2. d4 d5 3. Nc3 dxe4 4. Nxe4 Bf5 5. Nc3 Nd7 6. Nf3 Ngf6 7. Be2 e6 8.
Bg5 Bb4 9. O-O Bxc3 10. bxc3 Rc8 11. c4 Qc7 12. Bxf6 Nxf6 13. a4 Rd8 14. Re1 O-O
15. Bd3 Bg4 16. Be2 Rfe8 17. Ne5 Bxe2 18. Rxe2 Qd6 19. c3 b6 20. Nf3 c5 21. Rd2
Ne4 22. Rd3 cxd4 23. cxd4 Qb4 24. Ne5 Rc8 25. Qf3 Ng5 26. Qe3 f6 27. Rb3 Qd6 28.
c5 bxc5 29. Nc4 Qd5 30. Na3 1-0

[Event "AUTO-ADV-4118"]
[Site "http://www.queenalice.com/game.php?id=1582436"]
[Date "2019.9.4"]
[Round "2"]
[White "jdalcheco"]
[Black "baidaq"]
[Result "1/2-1/2"]
[WhiteElo "1973"]
[BlackElo "2099"]

1. d4 Nf6 2. c4 e6 3. Nc3 Bb4 4. Bd2 Bxc3 5. Bxc3 O-O 6. Nf3 d5 7. e3 Nc6 8.
cxd5 exd5 9. a3 Bg4 10. Be2 Bxf3 11. Bxf3 Re8 12. O-O a5 13. b4 axb4 14. axb4
Ne7 15. Qb3 c6 16. b5 Rb8 17. bxc6 bxc6 18. Qc2 Ng6 19. g3 Rc8 20. h4 h6 21. Kg2
Re7 22. Rh1 Ne4 23. h5 Nf8 24. Bb4 Re8 25. Ra6 Qc7 26. Bg4 Ne6 27. Rc1 Qb7 28.
Rxc6 Rxc6 29. Qxc6 Qa8 30. Bf5 Qxc6 31. Rxc6 Nf6 32. g4 Ng5 33. f4 Ne6 34. Bc2
Nxg4 35. Kf3 Nf6 36. Rd6 Rd8 37. Bf5 Rxd6 38. Bxd6 Nxh5 39. Bxe6 fxe6 40. e4
dxe4+ 41. Kxe4 Nf6+ 42. Ke5 Kf7 43. f5 exf5 44. Kxf5 g6+ 45. Kf4 g5+ 46. Kf5 Ne8
47. Be5 Ng7+ 48. Kg4 Kg6 49. d5 h5+ 50. Kf3 h4 51. Kg4 Kh6 52. d6 Ne6 53. Kf5
Nf8 54. Bf6 Kh5 55. Bxg5 h3 56. Bf4 Nd7 57. Ke6 Nb6 58. Kf5 Kh4 59. Bh2 Kh5 60.
Ke4 Kg5 61. Kd4 Kg4 62. Kc5 Nd7+ 63. Kc6 Nf6 64. Kc7 Kf5 65. Kd8 Ke6 66. Kc7
Ne8+ 67. Kc6 Nxd6 68. Bxd6 Kf5 69. Kd5 Kg4 70. Ke4 Kh4 1/2-1/2

[Event "AUTO-ADV-4118"]
[Site "http://www.queenalice.com/game.php?id=1582437"]
[Date "2019.9.4"]
[Round "2"]
[White "baidaq"]
[Black "jdalcheco"]
[Result "0-1"]
[WhiteElo "2094"]
[BlackElo "1990"]

1. e4 e6 2. d4 d5 3. Nc3 Nf6 4. Bg5 Be7 5. Bxf6 Bxf6 6. e5 Be7 7. Nf3 O-O 8. Be2
c5 9. O-O Nc6 10. Bb5 cxd4 11. Nxd4 Bd7 12. Bxc6 bxc6 13. a3 a6 14. a4 Bc5 15.
Nf3 Rb8 16. b3 Ba7 17. Rb1 c5 18. Ne2 Qc7 19. Re1 Qb6 20. Rf1 Bc6 21. Ng3 Rfd8
22. Qc1 Qc7 23. Re1 d4 24. Nd2 Qb7 25. f3 h6 26. Nc4 Qc7 27. f4 Bd5 28. Nd2 c4
29. Kh1 Qc6 30. Nde4 cxb3 31. cxb3 Qxc1 32. Rexc1 Bxb3 33. a5 d3 34. Nd2 Be3 35.
Ngf1 Bxf4 36. Re1 Bc2 37. Rxb8 Rxb8 38. g3 Bxd2 39. Nxd2 Rb5 40. Nc4 Rc5 41. Ne3
Rxa5 42. Nc4 Rc5 43. Nd2 a5 44. Kg2 a4 45. Kf3 Kf8 46. Ke4 Ke7 47. Kd4 Rd5+ 48.
Kc3 Rb5 49. Kc4 Rb7 50. Ra1 f6 51. exf6+ gxf6 52. h4 e5 53. Kc3 f5 54. Nf3 Ke6
55. Re1 e4 56. Nd4+ Ke5 57. Nxc2 dxc2 58. Kxc2 Kd4 59. Rf1 Rb5 60. Rd1+ Ke3 61.
Rd6 h5 62. Rd1 Kf3 63. Ra1 Ra5 64. Rf1+ Kxg3 65. Rh1 f4 66. Kc3 a3 67. Kb4 Ra8
68. Ra1 Kxh4 69. Rxa3 Rxa3 70. Kxa3 e3 71. Kb2 e2 72. Kc2 f3 73. Kd2 Kg3 74. Ke1
h4 75. Kd2 Kf2 76. Kd3 e1=Q 77. Kc2 Ke3 78. Kb2 Kd3 79. Kb3 Qb1+ 80. Ka4 Kc4 81.
Ka5 Qb5# 0-1

[Event "AUTO-ADV-4118"]
[Site "http://www.queenalice.com/game.php?id=1582440"]
[Date "2019.9.4"]
[Round "2"]
[White "baidaq"]
[Black "Dinda54"]
[Result "1-0"]
[WhiteElo "2166"]
[BlackElo "1644"]

1. e4 e5 2. Nf3 Nc6 3. Nc3 Nf6 4. Be2 Bc5 5. O-O O-O 6. a4 Na5 7. Nxe5 d6 8. Nf3
h6 9. d3 d5 10. exd5 c6 11. dxc6 Nxc6 12. b3 Bb4 13. Bb2 Bg4 14. Nd2 h5 15. Bxg4
Nxg4 16. h3 Nf6 17. Ncb1 Qa5 18. Bxf6 gxf6 19. Ne4 Qe5 20. Nbd2 Bd6 21. Nxd6
Qxd6 22. Qxh5 Qf4 23. Ne4 Ne5 24. Rfe1 Kg7 25. Nd6 Rh8 26. Qf5 Nf3+ 27. gxf3
Qxd6 28. Re4 Rh6 29. Rg4+ Rg6 30. Rxg6+ fxg6 31. Qe4 Qd7 32. Re1 Rh8 33. Qe7+
Qxe7 34. Rxe7+ Kf8 35. Rxb7 Rxh3 36. Kg2 Rh5 37. Rxa7 Rg5+ 38. Kf1 Rf5 39. Ra6
Rxf3 40. Ke2 Rf5 41. b4 Re5+ 42. Kf1 Kg7 43. Ra8 g5 44. b5 Rc5 45. c4 g4 46. a5
Rf5 47. Kg2 Rf3 48. b6 Rxd3 49. b7 1-0

[Event "AUTO-ADV-4118"]
[Site "http://www.queenalice.com/game.php?id=1582441"]
[Date "2019.9.4"]
[Round "2"]
[White "Dinda54"]
[Black "baidaq"]
[Result "0-1"]
[WhiteElo "1683"]
[BlackElo "2150"]

1. e4 e5 2. Nc3 Nf6 3. a3 Nc6 4. d3 Be7 5. Nf3 O-O 6. Be2 d6 7. h3 a5 8. O-O b6
9. Nb5 Ba6 10. Nc3 b5 11. Nd5 b4 12. a4 Bb7 13. Bg5 Na7 14. Nh4 Nxd5 15. Bxe7
Nxe7 16. c4 Nec6 17. Nf5 Bc8 18. f4 Bxf5 19. exf5 f6 20. Bh5 Nd4 21. b3 Nxf5 22.
Bg4 Ne3 23. Be6+ Kh8 24. Qf3 Nxf1 25. Rxf1 Qe8 26. Bd5 Rc8 27. Qe3 Nc6 28. Qe4
Nd4 29. Qe3 Nxb3 0-1

[Event "AUTO-OPEN-4016"]
[Site "http://www.queenalice.com/game.php?id=1584829"]
[Date "2019.9.26"]
[Round "2"]
[White "baidaq"]
[Black "CleitonNog1986"]
[Result "1-0"]
[WhiteElo "2090"]
[BlackElo "1592"]

1. e4 c5 2. Nf3 d6 3. Nc3 a6 4. d4 cxd4 5. Nxd4 Nf6 6. Bd3 Nc6 7. Nf3 e6 8. O-O
Be7 9. a4 Qc7 10. Be3 O-O 11. Re1 h6 12. Qd2 b6 13. Ne2 Bb7 14. Bf4 e5 15. Bg3
Rac8 16. c3 Rfe8 17. b4 Nd8 18. Qe3 Ne6 19. b5 a5 20. h3 Nh5 21. c4 Nxg3 22.
Nxg3 Nf4 23. Rac1 Nxd3 24. Qxd3 g6 25. Qe3 Kh7 26. Nh2 Bg5 27. Qf3 Bxc1 28. Rxc1
Qe7 29. Ng4 Bxe4 30. Nxe4 Rh8 31. Qe3 1-0

[Event "AUTO-OPEN-4016"]
[Site "http://www.queenalice.com/game.php?id=1584830"]
[Date "2019.9.26"]
[Round "2"]
[White "CleitonNog1986"]
[Black "baidaq"]
[Result "0-1"]
[WhiteElo "1606"]
[BlackElo "2088"]

1. d4 Nf6 2. Nf3 e6 3. c4 Nc6 4. Nc3 Bb4 5. e3 O-O 6. Bd3 Bxc3+ 7. bxc3 d5 8.
O-O a5 9. h3 b6 10. a4 dxc4 11. Bxc4 Re8 12. Qc2 Ba6 13. Bb5 Bxb5 14. axb5 Na7
15. c4 c6 16. bxc6 Nxc6 17. Bd2 Ne7 18. e4 Ng6 19. Be3 Qc7 20. Rfc1 Qb7 21. Rab1
Nxe4 22. d5 exd5 23. Rxb6 Qd7 24. c5 Re6 25. c6 Qc8 26. Nd4 Re7 27. c7 Rd7 28.
Rb8 Rxb8 29. Qa2 Rxc7 0-1

[Event "AUTO-OPEN-4016"]
[Site "http://www.queenalice.com/game.php?id=1584831"]
[Date "2019.9.26"]
[Round "2"]
[White "baidaq"]
[Black "chessman"]
[Result "0-1"]
[WhiteElo "2120"]
[BlackElo "1928"]

1. e4 e6 2. d4 d5 3. Nc3 dxe4 4. Nxe4 Nd7 5. Nf3 Ngf6 6. Bg5 Be7 7. Bxf6 Nxf6 8.
Nc3 O-O 9. Be2 c6 10. O-O Nd5 11. Nxd5 exd5 12. a4 Bf6 13. c3 Re8 14. Bd3 a6 15.
Qc2 h6 16. b4 Bg4 17. Qd1 Qc7 18. Rc1 Qf4 19. Be2 Re7 20. Re1 Rae8 21. Rc2 Bxf3
22. gxf3 Bg5 23. Kg2 Re6 24. Rh1 Rg6 25. Kf1 Qh4 26. Bd3 Qh3+ 27. Kg1 f5 28. Re2
Bf4# 0-1

[Event "AUTO-OPEN-4016"]
[Site "http://www.queenalice.com/game.php?id=1584832"]
[Date "2019.9.26"]
[Round "2"]
[White "chessman"]
[Black "baidaq"]
[Result "1/2-1/2"]
[WhiteElo "2062"]
[BlackElo "2100"]

1. e4 e5 2. Nf3 Nc6 3. Bb5 Nf6 4. O-O d6 5. Re1 Be7 6. c3 Bd7 7. d4 exd4 8. cxd4
Nb8 9. Bxd7+ Qxd7 10. e5 dxe5 11. Nxe5 Qc8 12. Nc3 O-O 13. Bg5 Re8 14. Qb3 Rf8
15. h3 b6 16. Ng6 hxg6 17. Rxe7 c6 18. Bxf6 gxf6 19. Rae1 Nd7 20. Ne4 c5 21.
Rxd7 f5 22. Re7 fxe4 23. dxc5 Qxc5 24. R7xe4 Rfd8 25. Re7 Rf8 26. a3 Rad8 27.
Rxa7 Rd2 28. Rf1 Qd4 29. Ra4 Qxb2 30. Qxb2 Rxb2 31. Rb4 Ra2 32. Rxb6 Rxa3 33.
Rb7 f5 34. Rc1 Rf7 35. Rxf7 Kxf7 36. f3 Kf6 37. Rc2 Ra4 38. Kf2 Kg5 39. Rb2 Ra6
40. g3 Kf6 41. f4 g5 42. Rb3 gxf4 43. gxf4 Ra8 44. Kf3 Rh8 45. Kg3 Rg8+ 46. Kf3
Rh8 47. Rb6+ Kg7 48. Kg3 Re8 49. Rb3 Kg6 50. Rb6+ Kf7 51. Rb5 Kg6 52. Rb3 Kh5
53. Rf3 1/2-1/2

[Event "Challenge"]
[Site "http://www.queenalice.com/game.php?id=1613690"]
[Date "2020.5.25"]
[Round "-"]
[White "Diemerlin"]
[Black "baidaq"]
[Result "1/2-1/2"]
[WhiteElo "2298"]
[BlackElo "2092"]

1. e4 e5 2. Nf3 Nc6 3. Nc3 Nf6 4. d4 exd4 5. Nd5 Bc5 6. Bg5 Be7 7. Bxf6 Bxf6 8.
Qd2 O-O 9. O-O-O d6 10. Nxf6+ Qxf6 11. Nxd4 Bd7 12. Nb5 Qd8 13. f4 1/2-1/2

[Event "Challenge"]
[Site "http://www.queenalice.com/game.php?id=1613691"]
[Date "2020.5.25"]
[Round "-"]
[White "baidaq"]
[Black "Diemerlin"]
[Result "0-1"]
[WhiteElo "2111"]
[BlackElo "2366"]

1. e4 d5 2. e5 c5 3. Nf3 Nc6 4. Bb5 Bg4 5. c3 Qb6 6. Bxc6+ Qxc6 7. d4 Bxf3 8.
Qxf3 cxd4 9. O-O dxc3 10. Nxc3 e6 11. a4 Qd7 12. a5 Ne7 13. b4 Ng6 14. Qg3 Bxb4
15. Ne2 Rc8 16. a6 b6 17. Ba3 Bxa3 18. Rxa3 Rc4 19. Rc1 Nf4 20. Nc3 Rxc3 21.
Raxc3 Ne2+ 22. Kf1 Nxg3+ 23. hxg3 O-O 24. Rc7 Qb5+ 25. Kg1 Qxa6 26. Rd7 Qa3 27.
Rcc7 a5 28. Rb7 Qb2 29. Rd6 a4 30. Rdxb6 Qxe5 31. Ra7 Qe1+ 32. Kh2 g6 33. Rxa4
Rc8 34. g4 Rc1 35. Rb8+ Kg7 36. Rb7 Qxf2 37. Rbb4 Qh4# 0-1

[Event "Challenge"]
[Site "http://www.queenalice.com/game.php?id=1630657"]
[Date "2020.10.23"]
[Round "-"]
[White "baidaq"]
[Black "albertcesar"]
[Result "1-0"]
[WhiteElo "2074"]
[BlackElo "2211"]

1. e4 e5 2. Nf3 Nf6 3. Nxe5 d6 4. Nf3 Nxe4 5. Qe2 Qe7 6. d4 d5 7. Bg5 Nxg5 8.
Nxg5 Qxe2+ 9. Bxe2 Be7 10. Nf3 O-O 11. O-O Bg4 12. Nc3 c6 13. Ne5 1-0

[Event "Challenge"]
[Site "http://www.queenalice.com/game.php?id=1630658"]
[Date "2020.10.23"]
[Round "-"]
[White "baidaq"]
[Black "albertcesar"]
[Result "1-0"]
[WhiteElo "2095"]
[BlackElo "2166"]

1. e4 e5 2. Nf3 Nf6 3. Nc3 Bb4 4. d3 Nc6 5. Bd2 O-O 6. Ne2 Bxd2+ 7. Qxd2 d5 8.
Ng3 dxe4 9. dxe4 Qxd2+ 10. Nxd2 Be6 11. Bd3 Nb4 12. a3 Nxd3+ 13. cxd3 1-0

[Event "Let's play a game of chess."]
[Site "http://www.queenalice.com/game.php?id=1640816"]
[Date "2021.1.21"]
[Round "-"]
[White "Experimentator"]
[Black "baidaq"]
[Result "1-0"]
[WhiteElo "2289"]
[BlackElo "2107"]

1. h4 e5 2. a4 d5 3. h5 h6 4. a5 a6 5. d3 Nf6 6. Nd2 d4 7. c3 dxc3 8. bxc3 Bg4
9. Nc4 Bd6 10. e4 Bxd1 11. Kxd1 Bc5 12. Kc2 Bxf2 13. Nf3 Nc6 14. Be2 Nd7 15. Ba3
Qf6 16. Rhf1 Bg3 17. Nfxe5 Qe6 18. Bg4 f5 19. Bxf5 Qg8 20. Bxd7+ Kd8 21. Bxc6
Bxe5 22. Nxe5 Qe6 23. Nf7+ Kc8 24. Bd5 Qg4 25. Nxh8 Qxg2+ 26. Kb3 Kb8 27. Rf8+
Ka7 28. Bc5+ b6 29. Rxa8# 1-0